Band by Drummers - Statistics

General Stats
  • This quiz has been taken 1,832 times
    1,791 since last reset
  • The average score is 13 of 30
Answer Stats
Drummer Band % Correct
Ringo Starr The Beatles
97%
Dave Grohl Nirvana
90%
Lars Ulrich Metallica
85%
John Bonham Led Zeppelin
84%
Keith Moon The Who
83%
Phil Collins Genesis
79%
Neil Peart Rush
70%
Chad Smith Red Hot Chili Peppers
63%
Taylor Hawkins Foo Fighters
61%
Tre Cool Green Day
59%
Travis Barker Blink 182
58%
Phil Rudd ACDC
45%
Bill Ward Black Sabbath
41%
Larry Mullen Jr. U2
39%
Nicko McBrain Iron Maiden
38%
Mike Portnoy Dream Theater
36%
Mitch Mitchel Jimi Hendrix Experience
32%
Vinnie Paul Pantera
31%
Danny Carey Tool
24%
Jeff Porcaro Toto
24%
Carl Palmer Emerson, Lake and Palmer
22%
Matt Cameron Soundgarden
20%
Jimmy Chamberlin Smashing Pumpkins
19%
Phil Selway Radiohead
16%
Dominic Howard Muse
15%
Carter Beauford Dave Matthews Band
11%
Gavin Harrison Porcupine Tree
10%
Chad Sexton 311
5%
Jose Pasillas Incubus
5%
Damon Che Don Caballero
2%
No matching quizzes found
Score Distribution
Percent of People with Each Score
Percentile by Number Answered
Your Score History
You have not taken this quiz since the last reset